[Event "GER-chT Betriebe 14th"]
[Site "Dresden"]
[Date "2014.11.20"]
[Round "1.3"]
[White "Kettenburg, Stefan"]
[Black "Hartmann, Jens"]
[Result "1/2-1/2"]
[WhiteElo "2063"]
[BlackElo "1788"]
[PlyCount "110"]
[EventDate "2014.11.20"]
[EventType "team-swiss"]
[EventRounds "7"]
[EventCountry "GER"]
[SourceTitle "EXT 2020"]
[Source "ChessBase"]
[SourceDate "2019.10.17"]
[SourceVersion "1"]
[SourceVersionDate "2019.10.17"]
[SourceQuality "1"]
[WhiteTeam "Berlin Tempelhof"]
[BlackTeam "Hamburg Baubehoerde II"]
[WhiteTeamCountry "GER"]
[BlackTeamCountry "GER"]

1. d4 Nf6 2. c4 b6 3. Nc3 Bb7 4. f3 g6 5. e4 d6 6. Bd3 Nbd7 7. Nge2 Bg7 8. 0-0 e5 9. Bg5 h6 10. Be3 Qe7 11. Nd5 Nxd5 12. cxd5 a6 13. Rc1 Rc8 14. Qd2 exd4 15. Nxd4 Ne5 16. Be2 Nd7 17. b4 Ne5 18. Rc2 Nd7 19. Rfc1 Nb8 20. Bd3 h5 21. f4 0-0 22. f5 Rfe8 23. fxg6 fxg6 24. Ne6 c5 25. Bg5 Bf6 26. Bxf6 Qxf6 27. Rf1 Qe5 28. Qh6 Rxe6 29. dxe6 Qxe6 30. Rcf2 Nd7 31. Bc4 d5 32. Bxd5 Bxd5 33. exd5 Qe8 34. Qd2 c4 35. Re2 Qd8 36. Qc2 Nf8 37. Ref2 Qg5 38. d6 b5 39. Qc3 Re8 40. Rf7 Ne6 41. d7 Rd8 42. Qe1 Qd5 43. Qg3 Qd4+ 44. Kh1 g5 45. Qh3 Nf4 46. Qf5 Qd3 47. Qxg5+ Kxf7 48. Qxf4+ Ke6 49. Qf7+ Kd6 50. Re1 Rxd7 51. Qxh5 Kc6 52. Qc5+ Kb7 53. h3 Rc7 54. Qh5 c3 55. Rd1 Qc4 1/2-1/2